LEADER 00767nam0-22002891i-450- 001 990000064110403321 035 $a000006411 035 $aFED01000006411 035 $a(Aleph)000006411FED01 035 $a000006411 100 $a20011111d--------km-y0itay50------ba 101 0 $aita 105 $ay-------001yy 200 1 $aDalmazia$fI. Cantinotti. 210 $aMilano$cArti grafiche Bertarelli$ds.d. 215 $a25 tav. col.$cill.$d25x30 cm 676 $a750 700 1$aCantinotti,$bInnocente$04364 801 0$aIT$bUNINA$gRICA$2UNIMARC 901 $aBK 912 $a990000064110403321 952 $a13 AR 29 B 23$b3781$fFINBC 952 $a13 AR 29 B 22$b3778$fFINBC 959 $aFINBC 996 $aDalmazia$9111421 997 $aUNINA DB $aING01 LEADER 00519nam##22001337##450# 001 9910551716103321 010 $a9782728309375 100 $a########d########u##y0engy50####ba 105 0 $a########00### 200 1 $aÉloge d'un prince daunien : mythes et images en Italie méridionale au IVe siècle av. J.-C. / Claude Pouzadoux. 700 $aPouzadoux, Claude, 1965-.$0617976 912 $a9910551716103321 996 $aÉloge d'un prince daunien : mythes et images en Italie méridionale au IVe siècle av. J.-C$92434774 997 $aUNINA